Sugar and Candy : Starter level

Αποθηκεύτηκε σε:
Λεπτομέρειες βιβλιογραφικής εγγραφής
Κύριος συγγραφέας: Laird, Elizabeth
Μορφή: Βιβλίο
Γλώσσα:English
Δημοσίευση: Oxford : Heinemann, 1992
Θέματα:
Ετικέτες: Προσθήκη ετικέτας
Δεν υπάρχουν, Καταχωρήστε ετικέτα πρώτοι!

MARC

LEADER 00000nam a2200000 i 4500
001 1/22742
008 950308s1992 eng d
020 |a 0-435-27155-5 
035 |l 10021955 
040 |a GR-MY-UA  |b gre  |e aacr 
041 0 |a eng 
082 0 |a 428.64 
100 1 |a Laird, Elizabeth. 
245 1 0 |a Sugar and Candy :  |b Starter level /  |c Elizabeth Laird 
260 |a Oxford :   |b Heinemann,   |c 1992 
650 0 0 |a English language  |x Readers. 
852 |a INST  |b CHIOS  |e 19950308  |h 428.64 LAI  |p 005200003933  |q 005200003933  |t BK  |y 0 
909 |a Χ  |b 037444